00680nam a2200193 a 4500001001000000003000400010005001700014008004100031040002500072082001900097100002900116245014900145260003300294300002100327650002400348650002700372700004100399700004600440000032751OSt20240412074256.0110726s1926 dr 000 0 spa d aDO-SdBNPbspacBNPHU 4aRD861.42bJ61a1 aJimenes Grullón, J. I.10aAguas de remanso :bpoemas en prosa /cJ. I. Jimenes Grullón ; prefacio por V. García Calderón; introducción por Ángel Rafael Lamarche aParis :b Excelsior, c1926. a119 p. ;c18 cm. 4aPoesía dominicana 0aLiteratura dominicana.1 aGarcía Calderón , V. eprefacio1 aLamarche, Ángel Rafaeleintroducción